000 00533cam a2200181 4500500
005 20260405001858.0
041 _afre
042 _adc
100 1 0 _aNathan, Tobie
_eauthor
245 0 0 _aIncubation. Grèce Antique
260 _c2014.
500 _a64
690 _aGrèce
690 _aIncubation
690 _aTobie Nathan
786 0 _nPhilosophie magazine | 84 | 11 | 2014-11-01 | p. 55-55 | 1951-1787
856 4 1 _uhttps://shs.cairn.info/magazine-philosophie-magazine-2014-11-page-55?lang=fr&redirect-ssocas=7080
999 _c2051945
_d2051945